<?xml version="1.0" encoding="UTF-8"?>
<collection xmlns="http://www.loc.gov/MARC21/slim">
 <record>
  <leader>00524pamaa2200169   4500</leader>
  <controlfield tag="001">0000031593</controlfield>
  <controlfield tag="005">20091015090000.0</controlfield>
  <datafield tag="020" ind1="0" ind2="0">
   <subfield code="a">0071201688/0071361219 (Hard) </subfield>
  </datafield>
  <datafield tag="082" ind1=" " ind2=" ">
   <subfield code="a">621.384136 ROH 2001</subfield>
  </datafield>
  <datafield tag="090" ind1="0" ind2="0">
   <subfield code="a">TK6563 </subfield>
   <subfield code="b">ROH 2001</subfield>
  </datafield>
  <datafield tag="100" ind1="1" ind2="0">
   <subfield code="a">ROHDE </subfield>
  </datafield>
  <datafield tag="245" ind1="1" ind2="0">
   <subfield code="a">Communications receivers : </subfield>
   <subfield code="b">DSP, software radios, and design  </subfield>
   <subfield code="c">Ulrich L. Rohde and Jerry C. Whitaker.</subfield>
  </datafield>
  <datafield tag="250" ind1="0" ind2="0">
   <subfield code="a">3rd ed.</subfield>
  </datafield>
  <datafield tag="260" ind1="0" ind2="0">
   <subfield code="a">Boston: </subfield>
   <subfield code="b">McGraw-Hill, </subfield>
   <subfield code="c">2001.</subfield>
  </datafield>
  <datafield tag="300" ind1=" " ind2=" ">
   <subfield code="a">xv, 712p.: </subfield>
   <subfield code="b">ill.; </subfield>
   <subfield code="c">24cm.</subfield>
  </datafield>
  <datafield tag="650" ind1="0" ind2="0">
   <subfield code="a">Telecommunication </subfield>
  </datafield>
  <datafield tag="700" ind1="1" ind2="1">
   <subfield code="a">Whitaker, </subfield>
   <subfield code="h">Jerry C. </subfield>
  </datafield>
 </record>
</collection>
